Metro-Detroit Route Names Quiz Stats

 Plays Quiz not verified by Sporcle

Support Sporcle.
Go Orange.
Score 0/22 Timer 08:00
0 Plays Today
# Name % Correct
M-10John C. Lodge Freeway / Northwestern Highway
84.2%
M-1Woodward Avenue
77.1%
US-24Telegraph Road
72.7%
I-94Edsel Ford Freeway / James G. O'Hara Freeway
64.7%
M-153Ford Road
62.5%
US-12Michigan Avenue
61%
I-75Chrysler Freeway / Fisher Freeway
60.2%
M-39Southfield Freeway
60.2%
M-3Gratiot Avenue
57.2%
I-696Walter P. Reuther Freeway
56.7%
I-96Edward Jeffries Freeway / Rosa Parks Freeway
53.9%
# Name % Correct
M-1028 Mile Road
53.1%
M-5Grand River Avenue
49.1%
M-59Highland Road / Hall Road
49.1%
I-375Chrysler Freeway
47.3%
M-53Van Dyke Avenue / Christopher Columbus Freeway
44.7%
M-8Davison Freeway
35.7%
M-97Groesbeck Avenue
30.3%
M-85Fort Street
26%
M-24Lapeer Road
23%
M-150Rochester Road
18.2%
M-15Ortonville Road
10.7%

You're not logged in!

Compare scores with friends on all Sporcle quizzes.
OR
Log In

From the Vault

What's It Stand For? Three Letter A-Z III

by LTH

Did you hear on NPR that the FBI has a VHS of a UFO?
Remove Ads.
Support Sporcle.
Get the best of Sporcle when you Go Orange. This ad-free experience offers more features, more stats, and more fun while also helping to support Sporcle. Thank you for becoming a member.

Show Comments

Extras

Top Quizzes Today


Score Distribution

Your Account Isn't Verified!

In order to create a playlist on Sporcle, you need to verify the email address you used during registration. Go to your Sporcle Settings to finish the process.

Report this User

Report this user for behavior that violates our Community Guidelines.

Details: